Sociálne siete a ich využitie v elektronickom podnikaní diplomová práca

Salvato in:
Dettagli Bibliografici
Autore principale: Jacko, Tomáš, 1987-
Ente Autore: Fakulta hospodárskej informatiky EU. Katedra aplikovanej informatiky
Altri autori: Szivósová, Mária, 1958-
Natura: Libro
Lingua:slovacco
Pubblicazione: Bratislava 2018
Tags: Aggiungi Tag
Nessun Tag, puoi essere il primo ad aggiungerne!!

MARC

LEADER 00000nbm a2200000 4500
001 0245212
005 20240627114304.7
041 0 |a slo 
044 |a SK 
245 1 0 |a Sociálne siete a ich využitie v elektronickom podnikaní  |b diplomová práca  |c Tomáš Jacko ; školiteľ: Mária Szivósová 
264 1 |a Bratislava  |c 2018 
300 |a 65 s. 
100 1 |a Jacko, Tomáš, 1987- 
700 1 |a Szivósová, Mária, 1958- 
710 2 |a Fakulta hospodárskej informatiky EU. Katedra aplikovanej informatiky